01215nam a22003857a 4500001001000000003000900010005001700019007000300036008003400039040005400073041001000127072003200137090001900169100002000188100001700208110009100225245007600316260003500392300001000427500002500437650001800462650001000480650001000490650001500500650001500515650002200530650001200552650001600564650001800580650001900598909003600617942000700653999001700660952015200677BR8204038BR-BrBNA20230928091400.0ta230509b bl.||||| |||| 00| 0 por d aBR-BrBNAbporcBiblioteca Nacional de Agricultura a(Por) aE70; L00b5213b9702b/G514  5213 BR82040381 aSchulte, E.M.B.1 aTanure, S.J.1 aInstituto de Coordenacao Estadual de Planejamento Agricola, Vitoria, ES (Brasil)959931 aDesempenho da pecuaria bovina de corte do Espirito Santo, 1981 [Brasil]3 aVitoria, ES (Brasil): c1982.  a84 p. a29 tables; 10 illus. aGADO DE CORTE aCARNE aABATE aIMPORTACAO aEXPORTACAO aOFERTA DE PRODUTO aDEMANDA aPRECO MEDIO aABASTECIMENTO aESPIRITO SANTO a202309bLuciac55dLucia Elande cBK c33641d33641 002AGRIS40708AGROBASEa41918b41918l0o 5213 BR8204038p5213 BR8204038r2023-09-25t01yBK10d2023-09-25ePortaria Interministerial nÂș 164/94